Los Obispos Mercedarios.

Uloženo v:
Podrobná bibliografie
Hlavní autor: Oviedo Cavada, Carlos (autor)
Médium: Kniha
Jazyk:angličtina
Vydáno: Santiago, Chile: Salesianos, 1982.
Vydání:1ª Edición.
Témata:
Tagy: Přidat tag
Žádné tagy, Buďte první, kdo vytvoří štítek k tomuto záznamu!

MARC

LEADER 00000nam a22000007a 4500
003 CL-VaPUC
005 20230103085501.0
008 220628b1982 ||||| |||| 00| 0 eng d
999 |c 436368  |d 436366 
040 |c Pontificia Universidad Católica de Valparaíso 
082 7 |a 271.45022 OVI 1982  |2 22 
100 |a Oviedo Cavada, Carlos  |e autor  |9 312665 
245 1 4 |a Los Obispos Mercedarios. 
250 |a 1ª Edición. 
260 |a Santiago, Chile:  |b Salesianos,  |c 1982. 
300 |a 181 páginas. 
500 |a c.1 Donación Familia Prof. Alejandro Guzmán Brito. 
583 |c 20220628  |k Catalogador Asistente 
610 |a Mercedarios  |x Obispos  |x Biografía  |9 871787 
610 |a Iglesia católica  |9 860726 
942 |2 ddc  |c BK  |n 0 
952 |0 0  |1 0  |2 ddc  |4 0  |6 271_450220000000000_OVI_1982  |7 0  |8 C_AGB  |9 584070  |a BIBDER  |b BIBDER  |d 2022-06-28  |e Donación  |i 5652235  |o 271.45022 OVI 1982  |p 5652235  |r 2023-01-25  |t 1  |w 2022-06-28  |y BK_US  |k AGB